000 00278 a2200121 4500
001 146275
040 _cEscola São Tomás de Aquino
100 _aBATTAGLIA, Stela Maris Fazio
240 1 0 _aMoby Dick
_lpor
245 1 0 _aMoby Dick
697 _a*LITERATURA INFANTO
942 _cBK
999 _c146275
_d146275